CAF-Mitgliedsverbände - Statistiken

Allgemein
  • Dieses Quiz wurde 45 mal gespielt
  • Das Durchschnittsergebnis liegt bei 52 aus 56
Antwortstatistiken
Antwort % Korrekt
Ägypten
100%
Algerien
100%
Marokko
100%
Angola
97%
Äquatorialguinea
97%
Botswana
97%
DR Kongo
97%
Eswatini
97%
Guinea
97%
Guinea-Bissau
97%
Kap Verde
97%
Lesotho
97%
Libyen
97%
Mali
97%
Mauretanien
97%
Republik Kongo
97%
Sambia
97%
Seychellen
97%
Somalia
97%
Togo
97%
Tschad
97%
Tunesien
97%
Benin
95%
Burundi
95%
Gambia
95%
Namibia
95%
Niger
95%
Senegal
95%
Südsudan
95%
Uganda
95%
Dschibuti
92%
Elfenbeinküste
92%
Eritrea
92%
Kenia
92%
Komoren
92%
Madagaskar
92%
Nigeria
92%
Ruanda
92%
Sierra Leone
92%
Südafrika
92%
Sudan
92%
Tansania
92%
Zentralafrikanische Republik
92%
Burkina Faso
90%
Ghana
90%
Kamerun
90%
Liberia
90%
Mauritius
90%
Mosambik
90%
Sao Tomè und Prìncipe
90%
Simbabwe
90%
Äthiopien
87%
Gabun
87%
Malawi
82%
Rèunion kein FIFA-Mitglied
41%
Sansibar kein FIFA-Mitglied
36%
Keine übereinstimmenden Quizze gefunden
Verteilung der Resultate
Anzahl Personen mit jedem Resultat
Perzentil nach korrekt beantworteten Fragen
Ihre Resultats-Entwicklung
Sie haben dieses Quiz noch nicht gespielt